[Event "Wielkopolska III Liga Juniorow 2016"]
[Site "Gniezno"]
[Date "1899-12-30"]
[Round "4.11"]
[White "Nawrocka, Edyta"]
[Black "Walkowiak, Bogumila"]
[Result "0-1"]
[WhiteTitle "II"]
[BlackTitle "II"]
[WhiteElo "1115"]
[BlackElo "1337"]

1. e4 e5 2. Nf3 Nc6 3. d4 exd4 4. Nxd4 Bc5 5. c3 d6 6. Be3 Bb6 7. Bb5 Bd7 8. O-O
Nf6 9. Nd2 O-O 10. Bd3 Ne5 11. Bc2 Re8 12. f4 Ng6 13. Re1 Bg4 14. Qb1 Bd7 15.
h3 Bc6 16. Bd3 Nh5 17. Rf1 Qh4 18. Qe1 Qxe1 19. Raxe1 h6 20. Kh2 Re7 21. g4 Nf6
22. Nxc6 bxc6 23. Bg1 Rae8 24. Kg3 Nd7 25. b4 Ra8 26. Bh2 a5 27. a3 axb4 28. axb4
Ra3 29. Rc1 Nb8 30. Rfe1 Nd7 31. h4 Re8 32. h5 Ngf8 33. Nc4 Raa8 34. e5 dxe5 35.
Nxe5 Nxe5 36. Rxe5 Rxe5 37. fxe5 c5 38. b5 Rd8 39. Bc4 Re8 40. Kf3 Ne6 41. Bf1
Rd8 42. Ke4 Kf8 43. Bc4 Ke7 44. Rg1 Ng5+ 45. Kf5 Rd2 46. Bf4 Rf2 47. Rg3 Ne6 48.
Bxe6 fxe6+ 49. Ke4 Rc2 50. Kd3 Ra2 51. g5 hxg5 52. Bxg5+ Kf7 53. Rf3+ Ke8 54.
Kc4 Ra4+ 55. Kd3 Rg4 56. Be3 Rh4 57. Rg3 Rxh5 58. Rxg7 Rxe5 59. Bf4 Rd5+ 60. Kc4
Rd7 61. Rg5 Rf7 62. Be3 Rf5 63. Rg6 0-1

[Event "Wielkopolska III Liga Juniorow 2016"]
[Site "Gniezno"]
[Date "1899-12-30"]
[Round "4.13"]
[White "Walkowski, Milosz"]
[Black "Golinski, Kacper"]
[Result "1/2-1/2"]
[WhiteTitle "I"]
[BlackTitle "II"]
[WhiteElo "1694"]
[BlackElo "1481"]

1. d4 Nf6 2. c4 d5 3. Nf3 c6 4. g3 e6 5. Bg2 dxc4 6. O-O Bd6 7. Qc2 b5 8. e4 Be7
9. Rd1 Qc7 10. Bf4 Qb6 11. Nc3 Bb7 12. Ne5 O-O 13. Qe2 a5 14. Ng4 Nbd7 15. Nxf6+
Nxf6 16. e5 Nd5 17. Ne4 Kh8 18. Qh5 f6 19. exf6 Bxf6 20. Ng5 Bxg5 21. Bxg5 Nf6
22. Qh4 Qc7 23. Re1 Qf7 24. Re2 Rae8 25. Rae1 Nd5 26. Be4 g6 27. Bh6 Rg8 28. Bg2
Re7 29. Bh3 Bc8 30. Re5 Rge8 31. Bg5 Ra7 32. Qe4 Nc7 33. Bh6 Bd7 34. f4 Raa8 35.
Qe2 a4 36. a3 Rab8 37. Bg2 Nd5 38. Bh3 Nc7 39. Kh1 Rbc8 40. g4 Rb8 41. Rg1 Nd5
42. Qd1 Ne7 43. f5 Ng8 44. fxg6 Qxg6 45. g5 Re7 46. Bg2 Ree8 47. Be4 Qf7 48. Qe2
Re7 49. Rf1 Qe8 50. Rf8 Qxf8 51. Bxf8 Rxf8 52. Qg2 Rg7 53. Bc2 Bc8 54. Qe2 Ne7
55. Re3 Rxg5 56. Rg3 Rfg8 57. Qe4 R5g7 58. Qe5 Nf5 59. Bxf5 exf5 60. Qf6 Ba6 61.
Kg2 f4 62. Rg5 Bb7 63. Kf3 c5+ 64. Kxf4 cxd4 65. Qxd4 h6 66. Rxg7 Rxg7 67. Ke5
Kh7 68. Kf6 Bc6 69. Ke6 Be8 70. Qh4 Bf7+ 71. Kf6 Be8 72. Ke6 Bf7+ 73. Kd6 Be8
74. Qe4+ Bg6 75. Qe5 Bc2 76. h4 Rg6+ 77. Kc5 Bd3 78. Qe7+ Rg7 79. Qe8 c3 80. bxc3
Bc4 81. Qe4+ Kg8 82. Kd6 Kh8 83. h5 Kg8 84. Qf4 Kh7 85. Qf6 Rg8 86. Qf5+ Kh8 87.
Kc7 1/2-1/2

[Event "Wielkopolska III Liga Juniorow 2016"]
[Site "Gniezno"]
[Date "1899-12-30"]
[Round "4.14"]
[White "Markiewicz, Krzysztof"]
[Black "Walkowski, Jonasz"]
[Result "0-1"]
[WhiteTitle "II"]
[BlackTitle "II"]
[WhiteElo "1355"]
[BlackElo "1497"]

1. e4 e6 2. d4 d5 3. e5 c5 4. c3 Nc6 5. Nf3 Qb6 6. a3 a5 7. Bd3 cxd4 8. cxd4 Nge7
9. O-O Bd7 10. Bc2 Nf5 11. Bxf5 exf5 12. Nc3 Be6 13. Ne2 Be7 14. Ra2 O-O 15. Nf4
h6 16. Nxe6 fxe6 17. Qd3 Rfc8 18. Bd2 Rc7 19. Bc3 Rac8 20. Rd1 Nd8 21. Qd2 Qb3
22. Raa1 b6 23. h3 Nf7 24. Kh2 Ng5 25. Nxg5 Bxg5 26. f4 Be7 27. g4 b5 28. Qe1
b4 29. axb4 axb4 30. Bd2 Qxb2 31. Rab1 Qxd4 32. Bxb4 Qxf4+ 33. Kg1 Bxb4 34. Rxb4
Qf3 35. Qf1 Qg3+ 36. Qg2 Qxg2+ 37. Kxg2 fxg4 38. Rxg4 Rc4 39. Rg6 Kf7 40. Rg3
Re4 41. Rf1+ Kg8 42. Rg1 Rc7 43. Rg6 Rxe5 44. Kh1 Kh7 45. R6g4 Re2 46. h4 e5 47.
h5 d4 48. R1g3 Rc1+ 49. Rg1 Rxg1+ 50. Rxg1 d3 51. Rd1 d2 0-1

[Event "Wielkopolska III Liga Juniorow 2016"]
[Site "Gniezno"]
[Date "1899-12-30"]
[Round "4.15"]
[White "Lorenz, Rafal"]
[Black "Matloka, Milosz"]
[Result "0-1"]
[WhiteTitle "II"]
[BlackTitle "II"]
[WhiteElo "1266"]
[BlackElo "1355"]

1. e4 c5 2. Nc3 e6 3. Bc4 a6 4. a4 Nc6 5. d3 Nf6 6. f4 d5 7. exd5 exd5 8. Qe2+
Be7 9. Bb3 O-O 10. Nf3 Re8 11. O-O c4 12. Ne5 cxb3 13. cxb3 Nd4 14. Qf2 Nxb3 15.
Rb1 Bc5 16. Be3 d4 17. Nd1 dxe3 18. Nxe3 Nd5 19. Qe2 Bxe3+ 20. Kh1 Bxf4 21. Rfd1
Rxe5 22. Qf2 Rh5 23. h3 Bxh3 24. gxh3 Rxh3+ 25. Kg2 Rh2+ 0-1

[Event "Wielkopolska III Liga Juniorow 2016"]
[Site "Gniezno"]
[Date "1899-12-30"]
[Round "4.17"]
[White "Janiszewska, Karolina"]
[Black "Dixa, Joanna"]
[Result "1-0"]
[WhiteTitle "III"]
[BlackTitle "II"]
[WhiteElo "1006"]
[BlackElo "1234"]

1. e4 c5 2. d3 e6 3. c3 Qc7 4. Be3 Nf6 5. Nd2 a6 6. d4 cxd4 7. Bxd4 Be7 8. e5 Nd5
9. c4 Nb6 10. Ngf3 Nc6 11. Bc3 O-O 12. Bd3 d5 13. cxd5 Nxd5 14. O-O Nxc3 15. bxc3
Nxe5 16. Nxe5 Qxe5 17. Qc2 Kh8 18. Nf3 Qf6 19. Rfe1 g6 20. c4 Bb4 21. Red1 Qc3
22. Qe2 Qg7 23. Rab1 Bc3 24. Rb3 Bf6 25. Be4 Rb8 26. c5 Rd8 27. c6 Rxd1+ 28. Qxd1
b5 29. Qd6 Ra8 30. c7 Bb7 31. Bxb7 Be7 32. Qd1 Qg8 33. c8=R Rxc8 34. Bxc8 Qxc8
35. h3 Qc7 36. Qd4+ Kg8 37. Rc3 Qb7 38. Qd2 Qb8 39. Qd7 Bf8 40. Ng5 Qf4 41. Rf3
Qc1+ 42. Kh2 Bd6+ 43. Qxd6 Qxg5 44. Qf4 Qe7 45. Qf6 Qe8 46. Rd3 Qb8+ 47. g3 Qd8
48. Rxd8# 1-0

[Event "Wielkopolska III Liga Juniorow 2016"]
[Site "Gniezno"]
[Date "1899-12-30"]
[Round "4.19"]
[White "Kus, Aleksander"]
[Black "Niezgodka, Adam"]
[Result "1-0"]
[WhiteTitle "I"]
[BlackTitle "II"]
[WhiteElo "1873"]
[BlackElo "1627"]

1. e4 c6 2. d4 d5 3. Nc3 dxe4 4. Nxe4 Bf5 5. Ng3 Bg6 6. h4 h6 7. Nf3 Nd7 8. h5
Bh7 9. Bd3 Bxd3 10. Qxd3 Qc7 11. Bd2 O-O-O 12. O-O-O Ngf6 13. Qe2 e6 14. Ne5 Nb6
15. Ba5 c5 16. c4 cxd4 17. Kb1 Kb8 18. Rc1 Qe7 19. c5 Rd5 20. Bxb6 axb6 21. cxb6
d3 22. Nxd3 Qd6 23. Rhd1 Be7 24. Rc7 Re8 25. Qc2 Qxb6 26. Rc1 Rdd8 27. Rc3 Bd6
28. Rb3 Qc7 29. Qd2 Qd7 30. Qe2 Rc8 31. Rd1 Qc7 32. Nf1 Red8 33. Ne3 Qc6 34. f3
Nxh5 35. Nc2 Ng3 36. Qf2 Nf5 37. g4 Qxc2+ 38. Qxc2 Rxc2 39. gxf5 Re2 40. Nc5 Bc7
41. Rxd8+ Bxd8 42. Rxb7+ Kc8 43. Rxf7 exf5 44. Rxg7 Bg5 45. a4 Re5 46. b4 Bd2
47. Kc2 Bxb4 48. Rg8+ Kc7 49. Na6+ Kb6 50. Nxb4 Re6 51. Nd3 Rf6 52. Kb3 Rd6 53.
Ne5 Kc5 54. Rc8+ Kd4 55. Nc4 Rg6 56. Rb8 h5 57. Rb5 Rh6 58. Rxf5 Rh7 59. Rf4+
Kc5 60. Rh4 1-0

[Event "Wielkopolska III Liga Juniorow 2016"]
[Site "Gniezno"]
[Date "1899-12-30"]
[Round "4.20"]
[White "Pabiszczak, Nikodem"]
[Black "Szych, Adam"]
[Result "0-1"]
[WhiteTitle "II"]
[BlackTitle "II"]
[WhiteElo "1281"]
[BlackElo "1361"]

1. e4 e5 2. Nf3 Nc6 3. Bc4 Bc5 4. Nc3 Nf6 5. d3 h6 6. Be3 Bb6 7. Bxb6 axb6 8. h3
d6 9. Ne2 O-O 10. c3 Na5 11. b3 Bd7 12. O-O Nxc4 13. bxc4 Re8 14. Nh2 Nh7 15.
Ng3 Ra3 16. Qc1 Qa8 17. Qb2 Qa5 18. Ne2 Ra8 19. f4 Rxa2 20. Rxa2 Qxa2 21. Qxa2
Rxa2 22. Rf2 Ra1+ 23. Rf1 Ra2 24. Rf2 Rd2 25. Nf3 Rxd3 26. fxe5 Rd1+ 27. Rf1 Rxf1+
28. Kxf1 dxe5 29. Nxe5 Be6 30. Kf2 f6 31. Nd4 Ng5 32. Nxe6 Nxe6 33. Nd3 Nc5 34.
Nxc5 bxc5 35. Kf3 Kf7 36. Kg4 g6 37. Kf4 Ke6 38. g4 c6 39. Ke3 Ke5 40. Kf3 b5
41. cxb5 cxb5 42. c4 b4 43. Ke3 b3 44. Kf3 b2 45. Kg3 b1=Q 46. Kh4 Qe1# 0-1

[Event "Wielkopolska III Liga Juniorow 2016"]
[Site "Gniezno"]
[Date "1899-12-30"]
[Round "4.21"]
[White "Janicki, Mateusz"]
[Black "Jedras, Adrianna"]
[Result "1-0"]
[WhiteTitle "II"]
[BlackTitle "I"]
[WhiteElo "1406"]
[BlackElo "1277"]

1. e4 e5 2. Nf3 Nc6 3. Bb5 Bc5 4. O-O d6 5. c3 Bd7 6. d4 exd4 7. cxd4 Bb6 8. Nc3
Nge7 9. Re1 a6 10. Ba4 O-O 11. Bf4 Ng6 12. Bg3 Re8 13. a3 Qf6 14. Nd5 Qd8 15.
Nxb6 cxb6 16. Bxd6 b5 17. Bc2 Bg4 18. Bg3 Nxd4 19. Qxd4 Rc8 20. Qxd8 Rexd8 21.
Bb3 Bxf3 22. gxf3 Rd2 23. Rab1 Re8 24. Red1 Rxd1+ 25. Rxd1 Kf8 26. Rd7 b6 27.
Rxf7+ Kg8 28. Re7+ Kf8 29. Rxe8+ Kxe8 30. Bc7 Nh4 31. Bd1 Ke7 32. Bxb6 Ke6 33.
Bd8 Ng6 34. Kg2 Nf4+ 35. Kg3 Nd3 36. b3 Nc5 37. Bb6 Nd7 38. Bd4 g6 39. a4 b4 40.
f4 a5 41. Bg4+ Kd6 42. Bxd7 Kxd7 43. Bb6 Ke7 44. Bxa5 Kf7 45. e5 Kg7 46. Bd8 Kh6
47. e6 Kh5 48. f5 gxf5 49. Kf4 Kh6 50. e7 Kg7 51. e8=Q Kh6 52. Kxf5 Kg7 53. Qe7+
Kh6 54. Qg5# 1-0

[Event "Wielkopolska III Liga Juniorow 2016"]
[Site "Gniezno"]
[Date "1899-12-30"]
[Round "4.22"]
[White "Pieczewska, Gabriela"]
[Black "Leopold, Maks"]
[Result "0-1"]
[WhiteTitle "II"]
[BlackTitle "II"]
[WhiteElo "1160"]
[BlackElo "1206"]

1. d4 d5 2. c4 Nc6 3. Nc3 dxc4 4. e3 e5 5. Bxc4 exd4 6. exd4 Qxd4 7. Qe2+ Qe5 8.
Be3 Bb4 9. Rc1 Nge7 10. Nf3 Qh5 11. h3 Bg4 12. O-O O-O 13. hxg4 Qxg4 14. Nh2 Qh4
15. Qg4 Qf6 16. Bg5 Qd4 17. Qxd4 Nxd4 18. Rfe1 Nec6 19. Re3 a6 20. Rg3 Rae8 21.
Bd3 Re6 22. Nf3 Rfe8 23. Ne4 Rxe4 24. Bxe4 Ne2+ 25. Kh2 Nxc1 26. Bxc6 bxc6 27.
Bxc1 Bd6 28. Nd4 c5 29. Nf5 Bxg3+ 30. Kxg3 Re2 31. Be3 Rxb2 32. Ne7+ Kf8 33. Bxc5
Rc2 34. Bb4 a5 35. Ba3 Rc3+ 36. f3 Rxa3 37. Nd5 Rxa2 38. Nxc7 Rb2 0-1

[Event "Wielkopolska III Liga Juniorow 2016"]
[Site "Gniezno"]
[Date "1899-12-30"]
[Round "4.23"]
[White "Kostecka, Marika"]
[Black "Kopacka, Natalia"]
[Result "1-0"]
[WhiteTitle "I+"]
[BlackTitle "II+"]
[WhiteElo "1699"]
[BlackElo "1221"]

1. e4 e5 2. Nf3 Nc6 3. Bb5 a6 4. Ba4 Bc5 5. O-O d6 6. c3 b5 7. Bb3 Bg4 8. d3 Nf6
9. Bg5 h6 10. Bd5 Qd7 11. Bxf6 gxf6 12. b4 Bb6 13. a4 Rb8 14. Nbd2 Ne7 15. Bb3
Ng6 16. Qc2 Bxf3 17. Nxf3 Nf4 18. Ne1 Rg8 19. Kh1 Ke7 20. g3 Qh3 21. Rg1 Nh5 22.
Nf3 Nf4 23. Raf1 Rg4 24. Qd1 Rbg8 25. gxf4 Rg2 26. axb5 axb5 27. f5 Bxf2 28. Rxf2
Rxf2 29. Rxg8 Rf1+ 30. Rg1 Rxd1 31. Bxd1 Kf8 32. Be2 c5 33. Rg3 Qh5 34. Kg2 cxb4
35. cxb4 Ke7 36. h3 Kd7 37. Rg4 Kc6 38. Rh4 Qxh4 39. Nxh4 d5 40. Bh5 dxe4 41.
dxe4 Kd6 42. Bxf7 Ke7 43. Bd5 Kd6 44. Ng6 Kd7 45. Kg3 1-0

[Event "Wielkopolska III Liga Juniorow 2016"]
[Site "Gniezno"]
[Date "1899-12-30"]
[Round "4.25"]
[White "Stochnialek, Dominika"]
[Black "Lapot, Arkadiusz"]
[Result "1-0"]
[WhiteTitle "I"]
[BlackTitle "II"]
[WhiteElo "1438"]
[BlackElo "1417"]

1. e4 e6 2. d4 d5 3. Nd2 Nf6 4. e5 Nfd7 5. c3 c5 6. Bd3 Qb6 7. Ngf3 Nc6 8. dxc5
Bxc5 9. Qe2 O-O 10. O-O f6 11. exf6 Nxf6 12. Nb3 Bd6 13. Be3 Qc7 14. Nbd4 a6 15.
Nxc6 bxc6 16. Bd4 c5 17. Be5 c4 18. Bc2 Rb8 19. Rab1 h6 20. Rfe1 Ng4 21. Bxd6
Qxd6 22. h3 Nf6 23. Qe5 Qxe5 24. Nxe5 Rb6 25. b3 cxb3 26. Rxb3 Rxb3 27. axb3 Re8
28. Bg6 Re7 29. c4 dxc4 30. Nxc4 Nd5 31. Nd6 Bd7 32. g3 e5 33. Nf5 Re6 34. Nh4
Ne7 35. Bd3 Bb5 36. Bxb5 axb5 37. f4 Nc6 38. Nf3 e4 39. Kf2 Re7 40. Nd2 Nd4 41.
Re3 b4 42. Nxe4 Nxb3 43. Nf6+ Kf7 44. Rxb3 Kxf6 45. Rxb4 Re6 46. Kf3 g6 47. g4
Re7 48. Rb6+ Re6 49. Rxe6+ Kxe6 50. Ke4 Kf6 51. h4 h5 52. gxh5 gxh5 53. f5 Kf7
54. Ke5 Ke7 55. f6+ Kf7 56. Kf5 Kg8 57. Kg6 Kf8 58. Kxh5 Kf7 59. Kg5 Kf8 60. Kg6
Kg8 61. h5 Kh8 62. Kf7 Kh7 63. Ke7 1-0

[Event "Wielkopolska III Liga Juniorow 2016"]
[Site "Gniezno"]
[Date "1899-12-30"]
[Round "4.26"]
[White "Naworski, Adam"]
[Black "Wojciechowski, Antoni"]
[Result "0-1"]
[WhiteTitle "II"]
[BlackTitle "II+"]
[WhiteElo "1347"]
[BlackElo "1514"]

1. e4 c6 2. d4 d5 3. e5 Bf5 4. g4 Bg6 5. f3 e6 6. h4 h5 7. g5 Ne7 8. Bd3 Bf5 9.
Be3 Qb6 10. b3 a5 11. c3 Nd7 12. Ne2 Rc8 13. Na3 Bxd3 14. Qxd3 Nf5 15. Kf2 Bxa3
16. Rab1 c5 17. g6 f6 18. exf6 Nxf6 19. Bg5 Rf8 20. Rhe1 cxd4 21. cxd4 Qc6 22.
Nf4 Qc2+ 23. Qxc2 Rxc2+ 24. Kg1 Nxd4 25. Nxe6 Nxe6 26. Rxe6+ Kd7 27. Rxf6 gxf6
28. Bh6 Rg8 29. g7 Bb4 30. Rd1 Ke6 31. Kf1 Bc3 32. Rd3 f5 33. Re3+ Kf7 34. Bg5
Bf6 35. Rd3 Bxg5 36. hxg5 Rxg7 37. Rxd5 Rxa2 38. Rxf5+ Kg6 0-1

[Event "Wielkopolska III Liga Juniorow 2016"]
[Site "Gniezno"]
[Date "1899-12-30"]
[Round "4.30"]
[White "Majdecka, Nikola"]
[Black "Roszkiewicz, Zofia"]
[Result "0-1"]
[WhiteTitle "III"]
[BlackTitle "II"]
[WhiteElo "1039"]
[BlackElo "1011"]

1. e4 c5 2. Nf3 Nc6 3. Nc3 Nf6 4. Bc4 e5 5. d3 Be7 6. Be3 O-O 7. Qe2 d6 8. O-O-O
a6 9. a3 b5 10. Bd5 Bb7 11. Rdg1 Nd4 12. Bxd4 cxd4 13. Nd1 Bxd5 14. exd5 Nxd5
15. h4 Rc8 16. Ne1 Bxh4 17. Qe4 Bg5+ 18. Kb1 Nf6 19. Qf5 Bh6 20. Rh3 Re8 21. Rgh1
e4 22. Rg3 Bd2 23. Qh3 Qc7 24. Qh4 Re6 25. f4 exf3 26. Nxf3 Qxc2+ 27. Ka2 b4 28.
Nxd2 Qxd2 29. Nf2 bxa3 30. Qxd4 axb2 31. Qxb2 Rc2 32. Qxc2 Qxc2+ 33. Ka1 Qxf2
34. Rf3 Re1+ 35. Rxe1 Qxe1+ 0-1

[Event "Wielkopolska III Liga Juniorow 2016"]
[Site "Gniezno"]
[Date "1899-12-30"]
[Round "5.1"]
[White "Lapot, Arkadiusz"]
[Black "Adamczewski, Maciej"]
[Result "0-1"]
[WhiteTitle "II"]
[BlackTitle "I++"]
[WhiteElo "1417"]
[BlackElo "1949"]

1. f4 g6 2. Nf3 Bg7 3. e3 d6 4. c3 Nf6 5. d3 O-O 6. Be2 d5 7. Nbd2 Nc6 8. b4 a6
9. Bb2 Ng4 10. Nf1 Nxb4 11. h3 Nh6 12. Qb3 Nc6 13. g4 e5 14. g5 Nf5 15. e4 dxe4
16. dxe4 Nd6 17. fxe5 Nxe5 18. h4 Nxe4 19. Rd1 Qe7 20. N1d2 Ng3 21. Rh2 Nd3# 0-1

[Event "Wielkopolska III Liga Juniorow 2016"]
[Site "Gniezno"]
[Date "1899-12-30"]
[Round "5.2"]
[White "Janiszewski, Filip"]
[Black "Naworski, Adam"]
[Result "1-0"]
[WhiteTitle "I"]
[BlackTitle "II"]
[WhiteElo "1922"]
[BlackElo "1347"]

1. e4 e6 2. d4 d5 3. Nd2 Nf6 4. e5 Nfd7 5. Bd3 c5 6. c3 Nc6 7. Ne2 cxd4 8. cxd4
b6 9. O-O Be7 10. Nf3 Nb4 11. Bb1 Ba6 12. Re1 Rc8 13. a3 Bxe2 14. Rxe2 Nc6 15.
Bd3 Nf8 16. Bb5 Ng6 17. Qa4 Qc7 18. Rc2 O-O 19. Bxc6 Qb8 20. Bd2 b5 21. Qa6 b4
22. axb4 Bxb4 23. Qxa7 Qxa7 24. Rxa7 Bxd2 25. Nxd2 Nf4 26. Kf1 Nd3 27. Ba4 Nf4
28. Rac7 Ra8 29. b3 g6 30. R2c3 1-0

[Event "Wielkopolska III Liga Juniorow 2016"]
[Site "Gniezno"]
[Date "1899-12-30"]
[Round "5.5"]
[White "Jasinska, Patrycja"]
[Black "Wawrzyniak, Weronika"]
[Result "0-1"]
[WhiteTitle "II"]
[BlackTitle "I"]
[WhiteElo "1162"]
[BlackElo "1315"]

1. e4 e6 2. d4 d5 3. exd5 exd5 4. Bd3 Nc6 5. c3 Bd6 6. Nf3 Bg4 7. h3 Bh5 8. Nbd2
Qd7 9. Nb3 b6 10. Be3 Nge7 11. Qe2 O-O-O 12. Ba6+ Kb8 13. O-O-O f5 14. Nbd2 f4
15. g4 Bg6 16. Rde1 fxe3 17. fxe3 Rhf8 18. e4 dxe4 19. Nxe4 Bf4+ 20. Nfd2 Nd5
21. Qg2 Rde8 22. a3 Nd8 23. Bd3 Ne3 24. Qg1 Bxe4 25. Bxe4 Nc4 26. Re2 Nxd2 27.
Rxd2 Rxe4 28. Qg2 Qe7 29. Kd1 Bxd2 30. Kxd2 Re8 31. Rh2 Qg5+ 32. Kd3 Qe3+ 33.
Kc4 Qe2+ 34. Qxe2 Rxe2 35. Rxe2 Rxe2 0-1

[Event "Wielkopolska III Liga Juniorow 2016"]
[Site "Gniezno"]
[Date "1899-12-30"]
[Round "5.6"]
[White "Kubasik, Aleksandra"]
[Black "Majdecka, Nikola"]
[Result "1-0"]
[WhiteTitle "II"]
[BlackTitle "III"]
[WhiteElo "1153"]
[BlackElo "1039"]

1. e4 e5 2. Nf3 Nc6 3. Bb5 d6 4. h3 Bd7 5. O-O a6 6. Ba4 Nd4 7. Bxd7+ Qxd7 8. c3
Nb5 9. a4 Na7 10. d4 exd4 11. cxd4 Be7 12. Nc3 Nc6 13. b3 Nf6 14. Re1 O-O 15.
Bg5 h6 16. Be3 Rfe8 17. Qd2 d5 18. Ne5 Nxe5 19. dxe5 Nh7 20. exd5 Rad8 21. Red1
c6 22. d6 Bf8 23. f4 f6 24. Bd4 fxe5 25. Bxe5 Qf5 26. d7 1-0

[Event "Wielkopolska III Liga Juniorow 2016"]
[Site "Gniezno"]
[Date "1899-12-30"]
[Round "5.7"]
[White "Niezgodka, Adam"]
[Black "Stochnialek, Dominika"]
[Result "1-0"]
[WhiteTitle "II"]
[BlackTitle "I"]
[WhiteElo "1627"]
[BlackElo "1438"]

1. d4 Nf6 2. c4 c5 3. e3 e6 4. Nf3 b5 5. cxb5 a6 6. Nc3 d5 7. bxa6 Nfd7 8. Be2
Nxa6 9. O-O Be7 10. b3 O-O 11. Bb2 Bf6 12. Rc1 Bb7 13. Na4 Rc8 14. Ba3 Be7 15.
Bb5 cxd4 16. Bxe7 Qxe7 17. Rxc8 Rxc8 18. Bxd7 Qxd7 19. Nb6 Qd6 20. Nxc8 Bxc8 21.
Nxd4 Bd7 22. Qd2 Qa3 23. Qc3 Kf8 24. Rc1 f6 25. Nc2 Qd6 26. Qb2 Kf7 27. Qa3 Qb6
28. b4 Bb5 29. Qc3 Bc4 30. a4 Nc7 31. Na3 Na6 32. Nxc4 dxc4 33. Qxc4 1-0

[Event "Wielkopolska III Liga Juniorow 2016"]
[Site "Gniezno"]
[Date "1899-12-30"]
[Round "5.8"]
[White "Wojciechowski, Antoni"]
[Black "Pabiszczak, Nikodem"]
[Result "1-0"]
[WhiteTitle "II+"]
[BlackTitle "II"]
[WhiteElo "1514"]
[BlackElo "1281"]

1. Nf3 Nc6 2. g3 d5 3. Bg2 Nf6 4. d3 g6 5. O-O Bg7 6. Nbd2 O-O 7. c4 e6 8. Rb1
Re8 9. b4 Ne7 10. c5 Nf5 11. b5 Nd7 12. Ba3 a6 13. Qa4 e5 14. e4 Ne7 15. Nh4 g5
16. Nf5 Nxf5 17. exf5 Nf6 18. b6 c6 19. g4 Qe7 20. Rfe1 Nd7 21. Qb4 Bf8 22. d4
f6 23. Nb3 Qd8 24. Bb2 h6 25. Qd2 Bg7 26. Qd3 Kh8 27. Qg3 Kg8 28. Rbd1 a5 29.
a4 Qe7 30. h4 Kf7 31. Bc3 Ra6 32. Bf1 Ra8 33. f3 Rf8 34. Bd3 Re8 35. Bc2 Ra6 36.
Qf2 Ra8 37. Kg2 Qf8 38. hxg5 fxg5 39. Qd2 Kg8 40. Re2 Ra6 41. Rde1 Kf7 42. dxe5
Nxc5 43. e6+ Nxe6 44. fxe6+ Bxe6 45. Bxg7 Qxg7 46. Nc5 h5 47. Nxe6 Qh8 48. Nxg5+
1-0

[Event "Wielkopolska III Liga Juniorow 2016"]
[Site "Gniezno"]
[Date "1899-12-30"]
[Round "5.9"]
[White "Jedras, Adrianna"]
[Black "Poltorak, Sebastian"]
[Result "0-1"]
[WhiteTitle "I"]
[BlackTitle "II+"]
[WhiteElo "1277"]
[BlackElo "1693"]

1. e4 c6 2. d4 d5 3. exd5 cxd5 4. Nc3 Nf6 5. Nf3 Nc6 6. Bb5 a6 7. Ba4 b5 8. Bb3
Bf5 9. Bg5 e6 10. O-O Be7 11. h3 O-O 12. a4 b4 13. Ne2 Na5 14. Ba2 Rc8 15. Bb1
Qc7 16. c3 Bxb1 17. Rxb1 Ne4 18. Bxe7 Qxe7 19. Qd3 Nc4 20. b3 Na3 21. Rbc1 a5
22. Nd2 f5 23. f3 Nxd2 24. Qxd2 Qd6 25. Rfe1 bxc3 26. Rxc3 Qb4 27. Qe3 Rxc3 28.
Qxc3 Qxc3 29. Nxc3 Kf7 30. Rc1 Rb8 31. Nb5 Nxb5 32. axb5 Rxb5 33. Rc3 Rb4 34.
Rd3 f4 35. Kf2 a4 36. bxa4 Rxa4 37. Rd2 Kf6 38. Ke2 Kg5 39. Kf2 Kf5 40. g4+ fxg3+
41. Kxg3 Ra3 42. h4 Re3 43. Rd1 h5 44. Rd2 g5 45. hxg5 Kxg5 46. Rh2 Rd3 47. Rh4
Rd1 48. f4+ Kg6 49. Kf3 Rd3+ 50. Ke2 Rxd4 51. Ke3 Re4+ 52. Kf3 e5 53. f5+ Kg5
54. Rxe4 dxe4+ 55. Kxe4 Kf6 56. Kf3 Kxf5 57. Kg3 e4 58. Kh4 Kf4 59. Kxh5 e3 60.
Kg6 e2 61. Kf7 e1=Q 62. Kf6 Qe5+ 63. Kf7 Kg5 64. Kg8 Qc7 65. Kf8 Kf6 66. Kg8 Qg7#
0-1

[Event "Wielkopolska III Liga Juniorow 2016"]
[Site "Gniezno"]
[Date "1899-12-30"]
[Round "5.10"]
[White "Roszkiewicz, Anna"]
[Black "Pieczewska, Gabriela"]
[Result "1-0"]
[WhiteTitle "I"]
[BlackTitle "II"]
[WhiteElo "1421"]
[BlackElo "1160"]

1. e4 e6 2. d4 d5 3. Nd2 c5 4. exd5 exd5 5. Ngf3 Nf6 6. dxc5 Bxc5 7. Nb3 Bb6 8.
Bd3 O-O 9. O-O Re8 10. Re1 h6 11. h3 Bd7 12. Bf4 Nc6 13. c3 a5 14. Bc2 Be6 15.
Qd3 d4 16. Nbxd4 Nxd4 17. Nxd4 Bxd4 18. Qxd4 Qxd4 19. cxd4 Nd5 20. Bd2 Rac8 21.
Ba4 Re7 22. Bb3 Rce8 23. Bxa5 Nf6 24. Bb4 Rc7 25. d5 Bf5 26. Rxe8+ Nxe8 27. d6
Rd7 28. Ba4 Rd8 29. Rd1 b6 30. d7 Nf6 31. Be7 Ra8 32. d8=Q+ Rxd8 33. Rxd8+ Kh7
34. Bxf6 gxf6 35. Rb8 b5 36. Bxb5 Kg6 37. a4 Be4 38. a5 f5 39. a6 f6 40. a7 Kg5
41. Rg8+ Kh5 42. Be2+ Kh4 43. g3+ Kxh3 44. Bf1+ Bg2 45. Bxg2# 1-0

[Event "Wielkopolska III Liga Juniorow 2016"]
[Site "Gniezno"]
[Date "1899-12-30"]
[Round "5.13"]
[White "Golinski, Kacper"]
[Black "Kus, Aleksander"]
[Result "0-1"]
[WhiteTitle "II"]
[BlackTitle "I"]
[WhiteElo "1481"]
[BlackElo "1873"]

1. e4 e5 2. Nf3 Nc6 3. Bb5 a6 4. Bxc6 dxc6 5. h3 Qf6 6. O-O Be6 7. d4 exd4 8. Qxd4
Qg6 9. Ne5 Qh5 10. Bf4 Bd6 11. Nc3 Rd8 12. Qe3 Nf6 13. Nd3 Nd7 14. Rad1 O-O 15.
Bxd6 cxd6 16. f4 f5 17. e5 dxe5 18. Nxe5 Nxe5 19. Qxe5 Rde8 20. Qd4 Rf7 21. Qf2
Rfe7 22. Rfe1 h6 23. a3 Kh7 24. Ne2 Bd5 25. Nc3 Bc4 26. Rxe7 Rxe7 27. Re1 Rd7
28. Qe3 Qg6 29. Na4 Bd5 30. Qf2 Rd8 31. Nc3 Bc4 32. Na4 Qf6 33. Nc3 b5 34. Qe3
Rd7 35. b3 Bf7 36. Qe5 Qg6 37. Qe3 Rd6 38. Qc1 Qg3 39. Ne2 Qh4 40. b4 Rg6 41.
Kh2 Qf2 42. Rg1 Qxe2 43. Qb2 Bd5 0-1

[Event "Wielkopolska III Liga Juniorow 2016"]
[Site "Gniezno"]
[Date "1899-12-30"]
[Round "5.14"]
[White "Ciesielski, Marceli"]
[Black "Markiewicz, Krzysztof"]
[Result "1/2-1/2"]
[WhiteTitle "II"]
[BlackTitle "II"]
[WhiteElo "1169"]
[BlackElo "1355"]

1. d4 d5 2. c4 e6 3. Nc3 Nf6 4. Bg5 Be7 5. e3 O-O 6. Nf3 b6 7. Bd3 Bb7 8. O-O Nbd7
9. Rc1 dxc4 10. Bxc4 c5 11. Qe2 Ne4 12. Nxe4 Bxe4 13. Bxe7 Qxe7 14. Nd2 Bb7 15.
Ba6 Bxa6 16. Qxa6 cxd4 17. exd4 Nf6 18. Nf3 Qd7 19. Qd3 Rfc8 20. Rfd1 Rc7 21.
Rxc7 Qxc7 22. h3 Rc8 23. Rd2 Nd5 24. g3 Qc6 25. Kh2 Qc1 26. a3 Qc7 27. Kg2 Qc6
28. Kh2 Qc7 29. Kg2 Qc6 1/2-1/2

[Event "Wielkopolska III Liga Juniorow 2016"]
[Site "Gniezno"]
[Date "1899-12-30"]
[Round "5.16"]
[White "Juralowicz, Jarema"]
[Black "Matuszewski, Bartosz"]
[Result "0-1"]
[WhiteTitle "III"]
[BlackTitle "II"]
[WhiteElo "1012"]
[BlackElo "1242"]

1. e4 c5 2. Nf3 e6 3. a3 Nc6 4. Bb5 a6 5. Bxc6 bxc6 6. d3 d5 7. O-O Nf6 8. Re1
dxe4 9. dxe4 Qxd1 10. Rxd1 Nxe4 11. Nbd2 Nxd2 12. Bxd2 Be7 13. Ne5 Bb7 14. Be3
f6 15. Nd7 Rd8 16. Nxc5 Bc8 17. Rxd8+ Kxd8 18. Rd1+ Kc7 19. f3 e5 20. Na4 Bf5
21. Rd2 Rb8 22. b4 Be6 23. Nc5 Bc8 24. g4 Ra8 25. h3 a5 26. Kg2 axb4 27. axb4
Bxc5 28. Bxc5 Be6 29. c3 Bd5 30. Kg3 Ra3 31. Rd3 Kd7 32. b5 Rb3 33. bxc6+ Kxc6
34. Bb4 g6 35. h4 f5 36. gxf5 gxf5 37. Kf2 h5 38. Re3 Rb2+ 39. Ke1 e4 40. fxe4
Bxe4 41. Re2 Rb1+ 42. Kf2 Rh1 43. Kg3 Rg1+ 44. Kh3 Kd5 45. Rd2+ Ke5 46. Bd6+ Ke6
47. Bc5 Rc1 48. Rd6+ Ke5 49. Rb6 Rxc3+ 50. Kh2 Rxc5 51. Kh3 f4 52. Rb2 Rc3+ 53.
Kh2 Rc2+ 54. Kh3 Bf5# 0-1

[Event "Wielkopolska III Liga Juniorow 2016"]
[Site "Gniezno"]
[Date "1899-12-30"]
[Round "5.17"]
[White "Dixa, Joanna"]
[Black "Kostecka, Marika"]
[Result "0-1"]
[WhiteTitle "II"]
[BlackTitle "I+"]
[WhiteElo "1234"]
[BlackElo "1699"]

1. e4 c5 2. Nf3 d6 3. d4 cxd4 4. Nxd4 Nf6 5. Nc3 a6 6. Be3 e5 7. Nf3 Be6 8. Qd2
Be7 9. h3 b5 10. g4 b4 11. Na4 Nxe4 12. Qxb4 d5 13. Qb7 Nd7 14. c3 O-O 15. Qc6
Nd6 16. Nb6 Rb8 17. Nxd7 Bxd7 18. Qxd5 e4 19. Ne5 Rxb2 20. Nxd7 Qxd7 21. Bg2 Qc7
22. Qc5 Qb7 23. O-O Rc8 24. Qd4 Rc4 25. Qe5 Rb5 26. Qf4 Rxc3 27. Rfe1 Qc6 28.
Bd2 Bg5 29. Bxe4 Bxf4 30. Bxc6 Bxd2 31. Red1 Rxc6 32. Rxd2 Kf8 33. Re1 Rbc5 34.
Kg2 g6 35. h4 Rc2 36. Rd3 Rxa2 37. Kg3 a5 38. Rb3 Rac2 39. Rb8+ Rc8 40. Rb6 R2c6
41. Rb3 Rc3+ 42. Rxc3 Rxc3+ 43. f3 a4 44. Ra1 a3 45. Kf4 Nb5 46. Ra2 Rb3 47. Ke4
Rb2 48. Ra1 Rb3 49. f4 a2 50. Kd5 Rb1 51. Rxa2 Nc3+ 52. Kd4 Nxa2 0-1